00498nam a2200157 a 450000100100000000500170001000800410002702000150006804000250008308200160010810000270012424500860015126000450023730000400028270000180032200003521220200930074159.0111026s1974 nyuac 000 0 spa d a0063827026 aDO-SdBNPbspacBNPHU axxxxbF699l1 aFord, James M.,d1927-10aLiving systems :bprinciples and relationships /cJames M. Ford, James E. Monroe. aSan Francisco, :bCanfield Press,c1974. avii, 504 p. :bil., retr. ;c27 cm.1 aMonroe, James